| 000 | 00977nam a2200241 a 4500 | ||
|---|---|---|---|
| 001 | 000077000 | ||
| 003 | AM-YEHGA | ||
| 005 | 20250617121804.0 | ||
| 008 | 030329s1983 ru || |||||||||||||rus|c | ||
| 040 | _aAM-YeHGA | ||
| 041 | 0 | _arus | |
| 245 | 0 | 0 |
_aГеокриологические условия Западно-Сибирской газоносной провинции / _cЛ.Н. Тагунова, Е.С. Мельников, М.И. Горальчук и др. ; Отв. ред. Е.С. Мельников. |
| 260 |
_aНовосибирск : _bНаука. Сиб. отд-ние, _c1983. |
||
| 300 | _a199 с. | ||
| 500 | _aАвт. указаны в огл. | ||
| 504 | _aБиблиогр.: с. 193-198 | ||
| 650 | 1 | 4 | _aВечная мерзлота |
| 700 | 1 | _aТагунова, Лена Никифоровна | |
| 700 | 1 | _aГоральчук, М.И. | |
| 700 | 1 |
_aМельников, Е.С. _eавт. _4aut _eред. _4edt |
|
| 942 |
_2udc _cBK |
||
| 090 | _c23677 | ||
| 999 |
_c23396 _d23396 |
||